000 00472nam a2200169Ia 4500
999 _c12249
_d12249
003 OSt
005 20201027105148.0
008 190216s9999||||xx |||||||||||||| ||und||
040 _coclc
082 _a823.9
_bPRI/G
100 _aPriestley, J B
_95736
245 4 _aThe Good Companions /
_cJ B Priestley
260 _bPenguin Books ,
_c1969.
_aLondon:
300 _a618p
650 _aEnglish Novel
942 _cBK
_2ddc
_h823.9
_iPRI/G
_k823.9
_mPRI/G